000 00918nam a2200253Ia 4500
003 OSt
005 20221005113330.0
006 a|||||r|||| 00| 0
007 ta
008 221004b |||||||| |||| 00| 0 hin d
020 _a8173805091 (hbk)
_cINR 200.00
024 _a45150
037 _b1037, 02/02/2019, H.K. Prakashan
_cTextual
040 _aCRL
_cCRL
_bhin
041 _2hin
_ahin
082 _aO152,1I00:g, 153Q6
100 _aਸਿੰਘ, ਭਾਈ ਜੋਧ, ਂਚ।
_9160655
245 0 _aਬਾਣੀ ਭਗਤ ਕਬੀਰ ਜੀ ਸਟੀਕ
260 _aਪਟਿਆਲਾ
_bਪਬਲੀਕੇਨ ਬਿਊਰੋ ਭਾਰਤ
_c2016
300 _a182ਪ੍ਰ0
_ccm.
650 _aਹਿੰਦੀ ਸਾਹਿਤ
942 _hO152,1I00:g, 153Q6
_cTEXL
_2cc
999 _c1027828
_d1027828